Programa d’auditories ambientals municipals : agendes 21 locals agendes 21 locals
Descripción Física:
1 f. plegat en 6 parts : il. col., fot. ; 21 x 70 cm plegat a 21 x 10 cm
MARC
| LEADER | 00000nam a2200000Ia 4500 | ||
|---|---|---|---|
| 001 | 24554 | ||
| 008 | 160829s9999 xx 000 0 cat d | ||
| 080 | |a FU-67-49 | ||
| 245 | |a Programa d’auditories ambientals municipals : |b agendes 21 locals | ||
| 260 | |a [Barcelona] : |b Diputació de Barcelona. Àrea de Medi Ambient, DL 1997 | ||
| 300 | |a 1 f. plegat en 6 parts : |b il. col., fot. ; |c 21 x 70 cm plegat a 21 x 10 cm | ||
| 650 | |a Auditoria ambiental |x Barcelona (Província) |9 50317 | ||
| 710 | |a Barcelona (Catalunya : Província). |b Àrea de Medi Ambient |9 52987 | ||
| 901 | |a Arxiu | ||
| 942 | |n 1 | ||
| 952 | |0 0 |1 0 |4 0 |6 FU6749 |7 1 |9 55952 |a Arxiu |b Arxiu |d 2016-12-01 |l 0 |o FU-67-49 |p 24554 |r 2016-12-01 00:00:00 |w 2016-12-01 |y ARXIU | ||
| 999 | |c 59825 |d 59825 | ||